KOHA-Header-6

Professional Scala (Record no. 1569)

000 -LEADER
fixed length control field 00292nam a2200121Ia 4500
008 - FIXED-LENGTH DATA ELEMENTS--GENERAL INFORMATION
fixed length control field 190723s9999 xx 000 0 und d
020 ## - INTERNATIONAL STANDARD BOOK NUMBER
International Standard Book Number 978-81-265-6328-9
100 ## - MAIN ENTRY--PERSONAL NAME
Personal name Aliaksandr Bedrytski
245 #0 - TITLE STATEMENT
Title Professional Scala
260 ## - PUBLICATION, DISTRIBUTION, ETC. (IMPRINT)
Place of publication, distribution, etc New Delhi
Name of publisher, distributor, etc Wiley
Date of publication, distribution, etc 2016
300 ## - PHYSICAL DESCRIPTION
Extent 222:p
942 ## - ADDED ENTRY ELEMENTS (KOHA)
Koha item type Books
Holdings
Withdrawn status Lost status Source of classification or shelving scheme Damaged status Not for loan Collection code Permanent Location Current Location Shelving location Date acquired Full call number Barcode Date last seen Price effective from Koha item type
          Computer Science MAJU MAJU Shelf No.A32 2019-07-23 5.133 8192 2021-11-16 2019-07-23 Computer Science

Powered by Koha